<?xml version="1.0" encoding="UTF-8"?>
<record
    xmlns:xsi="http://www.w3.org/2001/XMLSchema-instance"
    xsi:schemaLocation="http://www.loc.gov/MARC21/slim http://www.loc.gov/standards/marcxml/schema/MARC21slim.xsd"
    xmlns="http://www.loc.gov/MARC21/slim">

  <leader>03298nam a2200385 i 4500</leader>
  <controlfield tag="003">CO-MdUADB</controlfield>
  <controlfield tag="005">20241024104050.0</controlfield>
  <controlfield tag="007">cr unu|||a|na|</controlfield>
  <controlfield tag="008">241024b        |||||||| |||| 00| 0 spa d</controlfield>
  <datafield tag="040" ind1=" " ind2=" ">
    <subfield code="a">CO-MdUADB</subfield>
    <subfield code="b">spa</subfield>
    <subfield code="c">CO-MdUADB</subfield>
    <subfield code="e">rda</subfield>
  </datafield>
  <datafield tag="100" ind1=" " ind2=" ">
    <subfield code="9">868458</subfield>
    <subfield code="a">P&#xE9;rez Guzm&#xE1;n, Jhon Stuar</subfield>
  </datafield>
  <datafield tag="245" ind1="1" ind2=" ">
    <subfield code="a">M&#xE9;todo secuencial comparado aplicado a dos casos :</subfield>
    <subfield code="b">la pol&#xED;tica exterior de Estados Unidos con Ir&#xE1;n y Arabia Saudita entre 1979 al 2020</subfield>
  </datafield>
  <datafield tag="264" ind1=" " ind2=" ">
    <subfield code="a">Medell&#xED;n :</subfield>
    <subfield code="b">P&#xE9;rez Guzm&#xE1;n, Jhon Stuar,</subfield>
    <subfield code="c">2024.</subfield>
  </datafield>
  <datafield tag="300" ind1=" " ind2=" ">
    <subfield code="a">"1 recurso en l&#xED;nea"</subfield>
    <subfield code="b">Archivo texto PDF</subfield>
  </datafield>
  <datafield tag="336" ind1=" " ind2=" ">
    <subfield code="2">rdacontent</subfield>
    <subfield code="a">texto</subfield>
    <subfield code="b">txt</subfield>
  </datafield>
  <datafield tag="337" ind1=" " ind2=" ">
    <subfield code="a">computadora</subfield>
  </datafield>
  <datafield tag="338" ind1=" " ind2=" ">
    <subfield code="a">recurso en l&#xED;nea</subfield>
  </datafield>
  <datafield tag="502" ind1=" " ind2=" ">
    <subfield code="b">132</subfield>
    <subfield code="c">14</subfield>
    <subfield code="d">2024.</subfield>
  </datafield>
  <datafield tag="520" ind1="3" ind2=" ">
    <subfield code="a">RESUMEN : Este trabajo analiza la pol&#xED;tica exterior de Estados Unidos frente a Arabia Saudita e Ir&#xE1;n, a partir del m&#xE9;todo secuencial comparado, el cual compara de forma sistem&#xE1;tica dos o m&#xE1;s secuencias hist&#xF3;ricas, usando el m&#xE9;todo diacr&#xF3;nico, donde se analiza la carga contextual como el antes, durante y despu&#xE9;s de los puntos claves de los casos de estudio. En ese sentido, los m&#xE9;todos de an&#xE1;lisis incluyen el m&#xE9;todo del rastreo hist&#xF3;rico de procesos y modos de comparaci&#xF3;n que se le aplican a los dos casos de estudio. De tal manera, este an&#xE1;lisis permite llegar a conclusiones donde se evidencia que los dos casos de estudio parten de puntos distintos, y llegan a un punto de encuentro que fue el acontecimiento de la Revoluci&#xF3;n Isl&#xE1;mica, despu&#xE9;s, se fueron apartando progresivamente porque la relaci&#xF3;n de Estados Unidos con cada pa&#xED;s fue una serie de eventos subsiguientes. As&#xED; que, el m&#xE9;todo secuencial comparado permite responder la pregunta de investigaci&#xF3;n: &#xBF;Por qu&#xE9; la pol&#xED;tica exterior de EEUU determina bienestar o dificultades a otros Estados en medio oriente: Ir&#xE1;n y Arabia Saudita entre 1979 a 2020? La hip&#xF3;tesis es, los intereses particulares de Estados Unidos [EEUU] priman en su pol&#xED;tica exterior para medio oriente, por encima de argumentos idealistas como el de la defensa de reg&#xED;menes democr&#xE1;ticos o sistemas econ&#xF3;micos de mercado. Primero Ir&#xE1;n era el aliado estrat&#xE9;gico de EEUU y despu&#xE9;s de una coyuntura cr&#xED;tica las relaciones cambian, y Arabia Saudita se convierte en el nuevo aliado estrat&#xE9;gico.</subfield>
  </datafield>
  <datafield tag="526" ind1=" " ind2=" ">
    <subfield code="a">134</subfield>
  </datafield>
  <datafield tag="540" ind1=" " ind2=" ">
    <subfield code="2">creativecommons.org/licenses/by-nc-sa/2.5/co/</subfield>
    <subfield code="a">"Creative Commons : Atribuci&#xF3;n, no comercial, compartir igual"</subfield>
  </datafield>
  <datafield tag="650" ind1=" " ind2="0">
    <subfield code="2">OSt</subfield>
    <subfield code="9">64803</subfield>
    <subfield code="a">M&#xE9;todo hist&#xF3;rico</subfield>
  </datafield>
  <datafield tag="650" ind1=" " ind2="0">
    <subfield code="2">OSt</subfield>
    <subfield code="9">47628</subfield>
    <subfield code="a">Investigaci&#xF3;n hist&#xF3;rica</subfield>
  </datafield>
  <datafield tag="650" ind1=" " ind2="0">
    <subfield code="2">OSt</subfield>
    <subfield code="9">58075</subfield>
    <subfield code="a">Medio Oriente - Historia pol&#xED;tica</subfield>
  </datafield>
  <datafield tag="650" ind1=" " ind2="0">
    <subfield code="2">OSt</subfield>
    <subfield code="9">43243</subfield>
    <subfield code="a">Pol&#xED;tica exterior - Estados Unidos</subfield>
  </datafield>
  <datafield tag="650" ind1=" " ind2="0">
    <subfield code="2">OSt</subfield>
    <subfield code="9">40308</subfield>
    <subfield code="a">Iran</subfield>
  </datafield>
  <datafield tag="650" ind1=" " ind2="0">
    <subfield code="2">OSt</subfield>
    <subfield code="9">46055</subfield>
    <subfield code="a">Arabia Saudita</subfield>
  </datafield>
  <datafield tag="650" ind1=" " ind2="0">
    <subfield code="2">OSt</subfield>
    <subfield code="9">173106</subfield>
    <subfield code="a">Alianzas estrat&#xE9;gicas</subfield>
  </datafield>
  <datafield tag="650" ind1=" " ind2="0">
    <subfield code="2">OSt</subfield>
    <subfield code="9">115146</subfield>
    <subfield code="a">Estados Unidos - Relaciones exteriores - Arabia Saudita</subfield>
  </datafield>
  <datafield tag="650" ind1=" " ind2="0">
    <subfield code="2">OSt</subfield>
    <subfield code="9">169844</subfield>
    <subfield code="a">Estados Unidos - Relaciones internacionales - Iran</subfield>
  </datafield>
  <datafield tag="700" ind1=" " ind2=" ">
    <subfield code="9">641176</subfield>
    <subfield code="a">Arango Guti&#xE9;rrez, Andrea</subfield>
    <subfield code="e">ths</subfield>
  </datafield>
  <datafield tag="856" ind1="4" ind2=" ">
    <subfield code="u">https://bibliotecadigital.udea.edu.co/handle/10495/42840</subfield>
  </datafield>
  <datafield tag="857" ind1="4" ind2=" ">
    <subfield code="b">Universidad de Antioquia</subfield>
    <subfield code="c">Repositorio Institucional Universidad de Antioquia</subfield>
    <subfield code="u">https://bibliotecadigital.udea.edu.co/handle/10495/42840</subfield>
    <subfield code="q">application/pdf</subfield>
    <subfield code="s">698.59 kB</subfield>
  </datafield>
  <datafield tag="942" ind1=" " ind2=" ">
    <subfield code="2">ddc</subfield>
    <subfield code="c">TESIS</subfield>
  </datafield>
  <datafield tag="999" ind1=" " ind2=" ">
    <subfield code="c">860817</subfield>
    <subfield code="d">860817</subfield>
  </datafield>
</record>
